书目信息 |
| 题名: |
浅易民族管弦乐合奏曲集
|
|
| 作者: | 李恒 编配 | |
| 分册: | ||
| 出版信息: | 北京 人民音乐出版社 1995 |
|
| 页数: | 178页 | |
| 开本: | 26cm | |
| 丛书名: | ||
| 单 册: | ||
| 中图分类: | J648.61 | |
| 科图分类: | ||
| 主题词: | 民族器乐 , 管弦乐 , 民族器乐--管弦乐--合奏曲--中国--选集 , 合奏曲 | |
| 电子资源: | ||
| ISBN: | 7-103-01308-X | |
| 000 | 00786nam0 2200253 450 | |
| 001 | 0196041821 | |
| 005 | 20070805180739.93 | |
| 010 | @a7-103-01308-X@dCNY24.30 | |
| 100 | @a20050428e20031995em y0chiy0110 ea | |
| 101 | 0 | @achi |
| 102 | @aCN@b110000 | |
| 105 | @ag z 000yy | |
| 200 | 1 | @a浅易民族管弦乐合奏曲集@9qian yi min zu guan xian yue he zou qu ji@f李恒编配 |
| 210 | @a北京@c人民音乐出版社@d1995@h2003重印 | |
| 215 | @a178页@d26cm | |
| 330 | @a本书收入的曲目有:八月桂花遍地开、丰收凯歌、金蛇狂舞、皮簧调、在希望的田野上、狂欢之夜等。 | |
| 606 | 0 | @a民族器乐 |
| 606 | 0 | @a管弦乐 |
| 606 | 0 | @a民族器乐@x管弦乐@x合奏曲@y中国@j选集 |
| 606 | 0 | @a合奏曲 |
| 690 | @aJ648.61@v4 | |
| 701 | 0 | @a李恒@9li heng@4编配 |
| 801 | 0 | @aCN@bNLC@c20070805 |
| 905 | @a10447@dJ648.61@e126 | |
| 浅易民族管弦乐合奏曲集/李恒编配.-北京:人民音乐出版社,1995(2003重印) |
| 178页;26cm |
| ISBN 7-103-01308-X:CNY24.30 |
| 本书收入的曲目有:八月桂花遍地开、丰收凯歌、金蛇狂舞、皮簧调、在希望的田野上、狂欢之夜等。 |
| ● |
| 相关链接 |
|
|
|
|
正题名:浅易民族管弦乐合奏曲集
索取号:J648.61/126
 
预约/预借
| 序号 | 登录号 | 条形码 | 馆藏地/架位号 | 状态 | 备注 |
| 1 | 0805444 | 208054442 | 第一样本阅览室/ [索取号:J648.61/126] | 在馆 | |
| 2 | 0805445 | 208054451 | 第一借阅区/ [索取号:J648.61/126] | 在馆 | |
| 3 | 0805446 | 208054460 | 第一借阅区/ [索取号:J648.61/126] | 在馆 | |
| 4 | 0805447 | 208054479 | 第一借阅区/ [索取号:J648.61/126] | 在馆 | |
| 5 | 0805448 | 208054488 | 第一借阅区/ [索取号:J648.61/126] | 在馆 | |
| 6 | 0805449 | 208054497 | 第一借阅区/ [索取号:J648.61/126] | 在馆 | |
| 7 | 0805450 | 208054503 | 第一借阅区/ [索取号:J648.61/126] | 在馆 | |
| 8 | 0805451 | 208054512 | 密集书库-音乐系/ [索取号:J648.61/126] | 在馆 | |
| 9 | 0805452 | 208054521 | 密集书库-音乐系/ [索取号:J648.61/126] | 在馆 | |
| 10 | 0805453 | 208054530 | 密集书库-音乐系/ [索取号:J648.61/126] | 在馆 |